Poker en 3 lettres - Statistiques

Statistiques générales
  • Ce quiz a été pris 49 fois
  • Le résultat moyen est 10 sur 20
Statistiques - réponses
Description(s) Terme(s) en 3 lettres % Correct
Total des enjeux à l'instant T ; autrement dit c'est l'argent au milieu de la table, ce que l'ensemble des joueurs a misé au cours du coup. POT
85%
--- Poker est un site de Poker online (room). Son nom est davantage associé à l'univers des courses hippiques. PMU
80%
Premier joueur à parler preflop, et qui se trouve donc juste après les blinds. UTG
73%
En tournoi, qualifie un joueur qui a atteint les places payées. Les joueurs sont --- dès que la bulle éclate. ITM
63%
Désigne un joueur qui fréquente beaucoup un cercle de jeu, ou une certaine limite online. C'est généralement un bon joueur. REG
63%
Un coup se joue en --- lorsque seuls les joueurs des blinds y prennent part. BVB
58%
(Flop ou tableau) qui n'offre pas beaucoup de tirages. Kt 7d 2h est le flop --- par excellence DRY/SEC
53%
Site connu pour son important base de données sur les résultats de Tournois Live : The Hendon --- MOB
53%
Désigne les tournois à plusieurs tables. MTT
53%
Moyen de calculer le gain en fonction des proportions de jetons de chacun à l'instant T une fois que l'on est dans les places payées. ICM
48%
Qualifie un joueur qui se fait éliminer d'un tournoi. On dit "Bust ---" OUT
48%
Automate qui joue des parties online. Sa force est qu'il prend des décisions précises car préprogrammées BOT
45%
Désigne un joueur très serré, que ce soit preflop ou postflop. Il ne joue que des mains très fortes. NIT
40%
Paire servie qui forme un brelan, généralement au flop. SET
40%
Hôtel casino de Las Vegas, hôte des Championnats du monde de poker (World Series of Poker) de 2005 à 2022. RIO
38%
Tournoi qui démarre lorsque le nombre de joueurs requis est atteint, généralement de quoi remplir une table. Littéralement assieds-toi et on y va ! SNG
38%
C'est avoir le meilleur jeu possible avec un tableau donné ou être sur le tirage de la meilleure combinaison possible. Être --- / Tirer --- MAX
33%
Pour avancer dans un tournoi à faible montant d'inscription, jouer un poker --- est suffisant. ABC
25%
Se dit de la main d'un joueur quand il bluffe et qu'il n'a qu'une hauteur. AIR
18%
(Joueur) qui joue beaucoup de mains, et qui les joue de manière agressive. LAG
18%
Aucun quiz correspondant
Distribution des résultats
% des personnes avec chaque résultat
Percentile par nombre de réponses
Votre historique - résultats
Vous n’avez pas pris ce quiz